Stucs d'Orient : traditions orientales et cultures hellénisées /

محفوظ في:

مؤلفون آخرون: Dentzer-Feydy, J., Guimier-Sorbets, Anne-Marie., Delplace, Christiane.

التنسيق: كتاب

اللغة: French

منشور في: Beyrouth : Presses de l'Ifpo, 2019.

سلاسل: Syria (Paris, France). Supplément ; 5.

الموضوعات:

الوسوم: إضافة وسم

لا توجد وسوم, كن أول من يضع وسما على هذه التسجيلة!

رقم الطلب: DS94.5 .S92 v.5

LEADER 00842nam a22002297a 4500
005 20260209080920.0
008 260209t2019 le ab 100 0 fre d
020 |a 9782351597545 
020 |a 2351597540  
040 |c ARCE Library 
050 1 4 |a DS94.5  |b .S92 v.5 
245 0 0 |a Stucs d'Orient :   |b traditions orientales et cultures hellénisées /   |c Jacqueline Dentzer-Feydy, Anne-Marie Guimier-Sorbets, Christiane Delplace. 
260 |a Beyrouth :   |b Presses de l'Ifpo,   |c 2019. 
300 |a 410 pages :   |b illustrations, maps ;   |c 28 cm. 
490 0 |a Syria (Paris, France). Supplément ; 5. 
650 0 |a Stucco   |z Middle East. 
650 0 |a Decoration and ornament   |z Middle East. 
700 1 |a Dentzer-Feydy, J.   |q (Jacqueline) 
700 1 |a Guimier-Sorbets, Anne-Marie. 
700 1 |a Delplace, Christiane. 
942 |2 lcc  |c BK 
999 |c 49035  |d 49035